| Tag |
First Indicator |
Second Indicator |
Subfields |
| LEADER |
00000cam a2200000 a 4500 |
| 001 |
in00000098238 |
| 005 |
20150924085730.0 |
| 007 |
he bm| ba|| |
| 008 |
780307r1817 kyuaf b 00110 eng d |
| 035 |
|
|
|a (OCoLC)03693074
|
| 035 |
|
|
|9 AAK9606AM
|
| 040 |
|
|
|a DLC
|c RRR
|d RRR
|d TXA
|d UtOrBLW
|
| 043 |
|
|
|a n-us---
|
| 049 |
|
|
|a TXAI
|
| 082 |
0 |
|
|a 973.52
|
| 099 |
|
|
|a fiche
|a C
|a 4377
|
| 100 |
1 |
|
|a James, William,
|d -1827.
|
| 245 |
1 |
2 |
|a A full and correct account of the chief naval occurrences of the late war between Great Britain and the United States of America :
|b preceded by a cursory examination of the American accounts of their naval actions fought previous to that period : to which is added an appendix, with plates /
|c by William James.
|
| 264 |
|
3 |
|a London :
|b Printed for T. Egerton,
|c 1817.
|
| 300 |
|
|
|a xv, 528, ccxvi, 16 unnumbered pages of plates :
|b illustrations ;
|c 22 cm.
|
| 336 |
|
|
|a text
|b txt
|2 rdacontent
|
| 337 |
|
|
|a microform
|b h
|2 rdamedia
|
| 338 |
|
|
|a microfiche
|b he
|2 rdacarrier
|
| 500 |
|
|
|a Enlarged from his Inquiry into the merits of the principal naval actions ...
|
| 500 |
|
|
|a "Sabin : 35717."
|
| 500 |
|
|
|a "Copied from the original in the Library of Congress."
|
| 500 |
|
|
|a Includes index.
|
| 533 |
|
|
|a Microfiche.
|b Louisville, [Ky.] :
|c Lost Cause Press,
|d 1976.
|e 10 microfiches : negative, ill. ; 11 x 15 cm.
|f ([Bibliotheca Americana. Selected Americana. Microfiche ed. / J. Sabin]) (Fiche book)
|
| 500 |
|
|
|a Microform.
|
| 651 |
|
0 |
|a United States
|x History
|y War of 1812
|x Naval operations.
|
| 999 |
|
|
|a MARS
|
| 999 |
f |
f |
|s 06588bd2-f874-304a-8afe-32baf73af39c
|i 96460e67-e2ec-34fb-9f1c-eddf73cd7585
|t 0
|
| 952 |
f |
f |
|p normal
|a Texas A&M University
|b College Station
|c Sterling C. Evans Library
|d Evans: Microforms (3rd floor)
|t 0
|e fiche C 4377
|h Other scheme
|i microform -- microfiche
|m A14821692071
|
| 998 |
f |
f |
|a fiche C 4377
|t 0
|l Evans: Microforms (3rd floor)
|